[Event "TCh-FRA Top 16 Basse 2023"]
[Site "Chartres FRA"]
[Date "2023.06.08"]
[Round "1.3"]
[Board "6"]
[White "Housieaux, David"]
[Black "Roos, Louis"]
[Result "1/2-1/2"]
[WhiteTitle "IM"]
[BlackTitle "IM"]
[WhiteElo "2397"]
[BlackElo "2254"]
[WhiteTeam "THF - St Quentin"]
[BlackTeam "C.E.Strasbourg"]
[WhiteFideId "617938"]
[BlackFideId "600288"]
[EventDate "2023.06.08"]

1. d4 e6 2. c4 f5 3. Nc3 Nf6 4. Qc2 Bb4 5. e3 b6 6. Bd3 Bb7 7. f3 Bxc3+ 8. Qxc3
Qe7 9. Nh3 c5 10. O-O O-O 11. b3 Nc6 12. Bb2 a5 13. Rad1 a4 14. a3 axb3 15. Qxb3
d6 16. Rfe1 Na5 17. Qc3 Bc6 18. Nf4 Bd7 19. Qc2 Nb7 20. Rb1 e5 21. Nh3 e4 22.
Be2 Ra6 23. Nf4 Ba4 24. Qc3 Rc8 25. d5 Bd7 26. Rf1 Nd8 27. Kh1 Nf7 28. fxe4 fxe4
29. Nh5 Nxh5 30. Bxh5 Ne5 31. Rf4 Rf8 32. Rbf1 Raa8 33. Be2 Rxf4 34. exf4 Ng6
35. Qe3 Re8 36. g3 Bh3 37. Re1 Qd7 38. Kg1 Bg4 39. Bf1 Bf3 40. h3 h5 41. Bg2
Bxg2 42. Kxg2 Qf5 43. Rf1 Qd7 1/2-1/2

[Event "TCh-FRA Top 16 Basse 2023"]
[Site "Chartres FRA"]
[Date "2023.06.08"]
[Round "1.3"]
[Board "7"]
[White "Roos, Jean-Luc"]
[Black "Brochet, Philippe"]
[Result "0-1"]
[WhiteTitle "IM"]
[BlackTitle "IM"]
[WhiteElo "2184"]
[BlackElo "2399"]
[WhiteTeam "C.E.Strasbourg"]
[BlackTeam "THF - St Quentin"]
[WhiteFideId "600601"]
[BlackFideId "602469"]
[EventDate "2023.06.08"]

1. d4 d5 2. Nf3 Nf6 3. c4 dxc4 4. e3 Be6 5. a4 c5 6. Na3 Nc6 7. Nxc4 cxd4 8.
Nxd4 Nxd4 9. Qxd4 Qxd4 10. exd4 g6 11. Be3 Bg7 12. Be2 O-O 13. O-O Rfd8 14. Na5
Bd5 15. Rac1 Kf8 16. b4 Ne8 17. b5 Rac8 18. Rc5 b6 19. Rxc8 Rxc8 20. Nc6 Bxc6
21. bxc6 Rxc6 22. d5 Rc2 23. Bd3 Rc3 24. Bb5 Nc7 25. Bc6 e6 26. Bd2 Rc2 27. Bb4+
Kg8 28. d6 Rxc6 0-1

[Event "TCh-FRA Top 16 Basse 2023"]
[Site "Chartres FRA"]
[Date "2023.06.08"]
[Round "1.3"]
[Board "8"]
[White "Monpeurt, Cyrielle"]
[Black "Koch, Marion"]
[Result "1-0"]
[WhiteTitle "WFM"]
[WhiteElo "2147"]
[BlackElo "1648"]
[WhiteTeam "THF - St Quentin"]
[BlackTeam "C.E.Strasbourg"]
[WhiteFideId "677400"]
[BlackFideId "26022133"]
[EventDate "2023.06.08"]

1. e4 e5 2. Nc3 Nf6 3. f4 d5 4. fxe5 Nxe4 5. Qf3 Nxc3 6. dxc3 Be7 7. Bf4 Be6 8.
O-O-O Bg5 9. Kb1 Bxf4 10. Qxf4 Qe7 11. Nf3 Nd7 12. Bd3 O-O-O 13. Rhf1 f6 14.
exf6 Nxf6 15. Rde1 Qd7 16. Rxe6 1-0

[Event "TCh-FRA Top 16 Basse 2023"]
[Site "Chartres FRA"]
[Date "2023.06.08"]
[Round "1.4"]
[Board "1"]
[White "Dardha, Daniel"]
[Black "Santos Latasa, Jaime"]
[Result "0-1"]
[WhiteTitle "GM"]
[BlackTitle "GM"]
[WhiteElo "2619"]
[BlackElo "2653"]
[WhiteTeam "Cappelle La Grande"]
[BlackTeam "Marseille Echecs"]
[WhiteFideId "240990"]
[BlackFideId "2293307"]
[EventDate "2023.06.08"]

1. e4 e5 2. Nf3 Nc6 3. Bc4 Bc5 4. d3 Nf6 5. Bg5 h6 6. Bh4 d6 7. c3 a5 8. Na3 Rb8
9. Nb5 Bb6 10. O-O g5 11. Bg3 O-O 12. Re1 Bg4 13. d4 Kg7 14. h3 Bh5 15. Qd3 Re8
16. dxe5 Nxe5 17. Nxe5 dxe5 18. Qc2 Qe7 19. Bf1 Bc5 20. a4 Bg6 21. Na3 Nh5 22.
Bh2 g4 23. hxg4 Nf6 24. b4 axb4 25. cxb4 Bxb4 26. Re3 Bc5 27. Nc4 Nxg4 28. Rf3
Nxh2 29. Kxh2 Qh4+ 30. Rh3 Qxf2 31. Qxf2 Bxf2 32. Bd3 Bd4 33. Rb1 b6 34. Nd2 c6
35. Nf3 Bc5 36. Nh4 Rbd8 37. Rc1 Ra8 38. Bc2 Red8 39. Rf1 Rd2 40. Bb3 Rf2 41.
Rf3 Rxf1 42. Rxf1 Ra7 43. Nf5+ Kh7 44. Rd1 Bxf5 45. exf5 Kg7 46. Rd8 e4 47. Kg3
b5 48. axb5 Ra3 49. bxc6 Bb6 50. f6+ Kxf6 51. Rd6+ Kg7 0-1

[Event "TCh-FRA Top 16 Basse 2023"]
[Site "Chartres FRA"]
[Date "2023.06.08"]
[Round "1.4"]
[Board "2"]
[White "Banusz, Tamas"]
[Black "Fedoseev, Vladimir3"]
[Result "0-1"]
[WhiteTitle "GM"]
[BlackTitle "GM"]
[WhiteElo "2614"]
[BlackElo "2676"]
[WhiteTeam "Marseille Echecs"]
[BlackTeam "Cappelle La Grande"]
[WhiteFideId "722413"]
[BlackFideId "24130737"]
[EventDate "2023.06.08"]

1. Nf3 d5 2. g3 Bf5 3. Bg2 c6 4. O-O e6 5. d3 Bg6 6. c4 Bd6 7. Qb3 Qb6 8. Be3
Qxb3 9. axb3 Na6 10. cxd5 exd5 11. Bd4 f6 12. Nh4 Ne7 13. Nxg6 hxg6 14. e4 Bc5
15. Bc3 Rd8 16. Na3 Kf7 17. Rfe1 Nc7 18. b4 Bb6 19. Re2 g5 20. Rae1 g4 21. d4
Rh5 22. exd5 Nexd5 23. Nc4 Rd7 24. f3 gxf3 25. Bxf3 Rh8 26. Kg2 Rhd8 27. h4 Nb5
28. Bh5+ g6 29. Bg4 Re7 30. Rxe7+ Nxe7 31. Be6+ Kf8 32. Nxb6 axb6 33. Bc4 Nxd4
34. Rd1 Nef5 35. Kf2 c5 36. Bd3 Ne7 37. Be4 Rd7 38. g4 f5 39. gxf5 gxf5 40. Bf3
Ng6 41. bxc5 bxc5 42. Bxd4 cxd4 43. h5 Ne5 44. h6 Kg8 45. Bg2 Kh7 46. Bh3 Kxh6 0-1

[Event "TCh-FRA Top 16 Basse 2023"]
[Site "Chartres FRA"]
[Date "2023.06.08"]
[Round "1.4"]
[Board "3"]
[White "Ider, Borya"]
[Black "Kunin, Vitaly"]
[Result "1/2-1/2"]
[WhiteTitle "IM"]
[BlackTitle "GM"]
[WhiteElo "2485"]
[BlackElo "2525"]
[WhiteTeam "Cappelle La Grande"]
[BlackTeam "Marseille Echecs"]
[WhiteFideId "4901134"]
[BlackFideId "4128737"]
[EventDate "2023.06.08"]

1. d4 Nf6 2. Nf3 e6 3. Nbd2 c5 4. e3 b6 5. a4 Nc6 6. c3 Bb7 7. Bd3 Be7 8. O-O
O-O 9. Qe2 d6 10. Rd1 Rc8 11. Nc4 Qc7 12. dxc5 bxc5 13. e4 d5 14. exd5 exd5 15.
Ne3 g6 16. Ba6 Rcd8 17. Bxb7 Qxb7 18. Qb5 Qc7 19. Nc2 Rfe8 20. Bf4 Qxf4 21. Qxc6
Bd6 22. Re1 Re4 23. Ne3 Rde8 24. Nf1 Kg7 25. h3 h5 26. Rxe4 dxe4 27. Re1 exf3
28. Rxe8 fxg2 29. Kxg2 Qg5+ 30. Kh1 Qc1 31. Kg2 Nxe8 32. Qxe8 Qxb2 33. Qd7 Be5
34. Qxa7 Bxc3 35. Ng3 Bd4 36. Ne4 Qe2 37. Qb7 Kh6 38. Qe7 c4 39. Qg5+ Kg7 40.
Qd5 Bb2 41. Nd6 Qe7 42. Nxc4 Bc3 43. a5 Qa7 44. Qb5 Qd4 45. Ne3 Qe4+ 46. Kg1 Bd4
47. Qd5 Qf4 48. Qb3 Qg5+ 49. Kf1 Qxa5 50. Nc2 Ba7 51. Ne1 Qa1 52. Ke2 Bd4 53.
Qf3 Qb2+ 54. Kf1 Qc1 55. Ke2 Bc3 56. Nd3 Qb1 57. Qe3 Qa1 58. Qf3 Bd4 59. Qe4 Bf6
60. Qe3 Qb1 61. Qf3 Bg5 62. Qe4 Bf6 63. Qf3 Qb5 64. Kf1 Qg5 65. Nf4 Qf5 66. Kg2
Be5 67. Nd3 Qg5+ 68. Kf1 Bd6 69. Qe4 Qf6 70. Kg2 Qc3 71. Qd5 Bc7 72. Qe4 Qa5 73.
Qd4+ Kg8 74. Qe3 Qd5+ 75. Qf3 Qg5+ 76. Kf1 Qh4 77. Kg2 Qd4 78. Kf1 Bb6 79. Nf4
Qf6 80. Kg2 Kg7 81. Qg3 Kh7 82. Qf3 Kg8 83. Qa8+ Kg7 84. Qf3 Bc7 85. Nd3 Qd6 86.
Kf1 f5 87. Qe3 Kf6 88. Ne1 Bb6 89. Qc3+ Bd4 90. Qd3 Qb6 91. Qe2 Qc7 92. Nf3 Qc6
93. Qd3 Bb6 94. Qe2 Qc3 95. Qd1 Qc4+ 96. Kg2 Qc6 97. Qa1+ Kf7 98. Qh8 Bc7 99.
Qh7+ Kf8 100. Qh8+ Kf7 101. Qh7+ Kf8 102. Qh8+ Ke7 103. Qg7+ Kd8 104. Qf8+ Kd7
105. Qg8 Bb6 106. Qf7+ Kc8 107. Qg8+ Bd8 108. Qf7 Bc7 109. Qg8+ Kb7 110. Qb3+
Bb6 111. Qf7+ Ka6 112. Qa2+ Kb7 113. Qf7+ Kb8 114. Qg8+ Ka7 115. Qa2+ Kb7 116.
Qf7+ Kc8 117. Qg8+ Bd8 118. Qf7 h4 119. Qf8 Qd5 120. Qe8 g5 121. Qe5 Qxe5 122.
Nxe5 Bc7 123. Nf7 g4 124. Nh6 Bb6 125. Nxf5 gxh3+ 126. Kxh3 Bxf2 127. Nxh4 Bxh4
128. Kxh4 1/2-1/2

[Event "TCh-FRA Top 16 Basse 2023"]
[Site "Chartres FRA"]
[Date "2023.06.08"]
[Round "1.4"]
[Board "4"]
[White "Laurent-Paoli, Pierre"]
[Black "Edouard, Romain"]
[Result "1/2-1/2"]
[WhiteTitle "IM"]
[BlackTitle "GM"]
[WhiteElo "2552"]
[BlackElo "2527"]
[WhiteTeam "Marseille Echecs"]
[BlackTeam "Cappelle La Grande"]
[WhiteFideId "26017962"]
[BlackFideId "633429"]
[EventDate "2023.06.08"]

1. e4 c5 2. Nf3 Nc6 3. d4 cxd4 4. Nxd4 e5 5. Nb5 d6 6. N1c3 a6 7. Na3 Be6 8. Nc4
b5 9. Ne3 Nf6 10. Bd3 g6 11. O-O Bg7 12. a4 b4 13. Ncd5 Bxd5 14. exd5 Ne7 15.
Bd2 O-O 16. Bxb4 Nexd5 17. Nxd5 Nxd5 18. Bd2 Ne7 19. Qe2 a5 20. Rad1 Qc7 21. c3
d5 22. Bb5 Nf5 23. Bc1 d4 24. Qf3 Rfc8 25. Rfe1 dxc3 26. Rd7 Qc5 27. g4 cxb2 28.
Bxb2 e4 29. Rxe4 Bxb2 30. gxf5 Qxf5 31. Rf4 Qg5+ 32. Rg4 Qf6 33. Rf4 Qg5+ 34.
Qg3 Qxg3+ 35. hxg3 f5 36. Rf3 Rc3 37. Rxc3 Bxc3 38. Re7 1/2-1/2

[Event "TCh-FRA Top 16 Basse 2023"]
[Site "Chartres FRA"]
[Date "2023.06.08"]
[Round "1.4"]
[Board "5"]
[White "Nikolov, Momchil"]
[Black "Philippe, Guillaume"]
[Result "0-1"]
[WhiteTitle "GM"]
[BlackTitle "IM"]
[WhiteElo "2506"]
[BlackElo "2350"]
[WhiteTeam "Cappelle La Grande"]
[BlackTeam "Marseille Echecs"]
[WhiteFideId "2905710"]
[BlackFideId "36048763"]
[EventDate "2023.06.08"]

1. d4 Nf6 2. c4 e6 3. Nf3 Bb4+ 4. Nbd2 O-O 5. a3 Be7 6. e4 d6 7. Bd3 Nfd7 8. b4
e5 9. d5 a5 10. Bb2 c6 11. O-O cxd5 12. cxd5 Nb6 13. h3 Bd7 14. b5 a4 15. Qe2
Be8 16. Bc3 N8d7 17. Bb4 f5 18. Nc4 Nxc4 19. Bxc4 fxe4 20. Nd2 Nb6 21. Ba2 Qd7
22. Nxe4 Qxb5 23. Qxb5 Bxb5 24. Rfc1 Nc8 25. Rc3 Be8 26. Rac1 Bf7 27. Rc7 Bg6
28. f3 Bxe4 29. fxe4 Bg5 30. R1c3 b6 31. Bc4 g6 32. Ba6 Rxa6 33. Rxc8 Be3+ 34.
Kh2 Bc5 35. Rc6 Bxb4 36. axb4 a3 37. Rc1 a2 38. Ra1 Rf2 39. b5 Ra4 40. Rxb6 Rxe4
41. Ra6 Ree2 42. Rg1 Rb2 43. b6 Rfd2 44. h4 h5 45. Ra7 Rxd5 46. Rf1 Rdd2 47. b7
Rxg2+ 48. Kh3 Rgc2 49. b8=Q+ Rxb8 50. Rf3 Rb1 51. Rfa3 a1=Q 0-1

[Event "TCh-FRA Top 16 Basse 2023"]
[Site "Chartres FRA"]
[Date "2023.06.08"]
[Round "1.4"]
[Board "6"]
[White "Girel, Joseph"]
[Black "Maugenest, Ghislain"]
[Result "1-0"]
[WhiteTitle "IM"]
[WhiteElo "2413"]
[BlackElo "2212"]
[WhiteTeam "Marseille Echecs"]
[BlackTeam "Cappelle La Grande"]
[WhiteFideId "36033561"]
[BlackFideId "36029483"]
[EventDate "2023.06.08"]

1. e4 e5 2. Nf3 Nc6 3. Bb5 Nge7 4. Nc3 Ng6 5. h4 Be7 6. h5 Nh4 7. Nxh4 Bxh4 8.
d3 Nd4 9. Bc4 c6 10. Be3 b5 11. Bb3 a5 12. a4 Nxb3 13. cxb3 b4 14. Ne2 d6 15. h6
g6 16. d4 Bf6 17. Qc2 Bb7 18. O-O-O exd4 19. Bxd4 c5 20. Be3 Qe7 21. f3 O-O 22.
Nf4 Bg5 23. Qd2 Bxf4 24. Bxf4 Rfd8 25. Bxd6 Qe6 26. Qf4 c4 27. bxc4 Qxc4+ 28.
Kb1 Rdc8 29. Rd2 Qe6 30. Qe5 Qxe5 31. Bxe5 Kf8 32. b3 Rd8 33. Rxd8+ Rxd8 34. Rc1
Ba6 35. Kb2 Rd2+ 36. Rc2 Rd1 37. Rc6 Bd3 38. Bf6 Ke8 39. Rd6 Be2 40. Rxd1 Bxd1
41. Bd4 Kd7 42. Bb6 f5 43. exf5 gxf5 44. Bxa5 f4 45. Bxb4 Be2 46. Bd2 Bf1 47.
Bxf4 Bxg2 48. b4 Kc6 49. b5+ Kc5 50. Kc3 Bxf3 51. Be3+ Kd6 52. Kb4 Kc7 53. a5
Be2 54. a6 Kd6 55. Ka5 Kc7 56. b6+ 1-0

[Event "TCh-FRA Top 16 Basse 2023"]
[Site "Chartres FRA"]
[Date "2023.06.08"]
[Round "1.4"]
[Board "7"]
[White "Jossien, Arnaud"]
[Black "Degraeve, Remy"]
[Result "0-1"]
[WhiteTitle "FM"]
[BlackTitle "IM"]
[WhiteElo "2268"]
[BlackElo "2445"]
[WhiteTeam "Cappelle La Grande"]
[BlackTeam "Marseille Echecs"]
[WhiteFideId "605948"]
[BlackFideId "26024560"]
[EventDate "2023.06.08"]

1. e4 c5 2. Nc3 Nc6 3. Nge2 Nd4 4. Nxd4 cxd4 5. Nb5 e5 6. Qh5 d6 7. Bc4 g6 8.
Qf3 Nf6 9. Nc7+ Qxc7 10. Qxf6 Qxc4 11. Qxh8 d3 12. O-O Qxe4 13. b3 Bd7 14. cxd3
Qd4 15. Ba3 h5 16. Rac1 Bc6 17. Qf6 Be7 18. Qh8+ Bf8 19. Qf6 Qd5 20. Qf3 Qxf3
21. gxf3 Kd7 22. d4 exd4 23. Bb2 Bg7 24. f4 a5 25. f3 a4 26. Rc4 axb3 27. axb3
d5 28. Bxd4 dxc4 29. Bxg7 cxb3 30. Kf2 Ke6 31. Bd4 Kf5 32. Be3 Ra2 33. Rb1 Bd5
34. Rc1 Ra5 35. Rg1 Rb5 36. Rb1 Bc4 37. Bd4 Bd3 38. Rg1 Kxf4 39. Bb2 Rd5 40. h4
Bc4 41. d4 Kf5 42. Ke3 f6 43. Rc1 b5 44. Kf2 Rd6 45. Re1 Ra6 46. Ra1 Rxa1 47.
Bxa1 Bd5 48. Bb2 b4 49. Kg3 g5 50. hxg5 fxg5 51. Bc1 h4+ 52. Kf2 g4 53. fxg4+
Kxg4 54. Kg1 Kg3 0-1

[Event "TCh-FRA Top 16 Basse 2023"]
[Site "Chartres FRA"]
[Date "2023.06.08"]
[Round "1.4"]
[Board "8"]
[White "Delorme, Laurie"]
[Black "Lam, Sophie"]
[Result "0-1"]
[WhiteTitle "WIM"]
[WhiteElo "2086"]
[BlackElo "2076"]
[WhiteTeam "Marseille Echecs"]
[BlackTeam "Cappelle La Grande"]
[WhiteFideId "630829"]
[BlackFideId "633704"]
[EventDate "2023.06.08"]

1. d4 d6 2. c4 e5 3. Nf3 e4 4. Ng5 f5 5. Nc3 Nf6 6. e3 Be7 7. Nh3 c6 8. Nf4 O-O
9. h4 Na6 10. Be2 Nc7 11. h5 Ne6 12. d5 Ng5 13. b3 Nf7 14. Bb2 Ne5 15. Qd2 Nfg4
16. dxc6 bxc6 17. Rd1 Rb8 18. Kf1 Qb6 19. Na4 Qc7 20. f3 Nh6 21. Qd4 Nhf7 22.
Kf2 Bd7 23. Nc3 Bf6 24. Qd2 exf3 25. gxf3 Rbe8 26. b4 Bg5 27. Kg2 Qb8 28. a3 Qd8
29. b5 Bh6 30. Rdg1 Qb8 31. a4 Kh8 32. Qd4 Nd8 33. Rd1 Rf6 34. Kf2 Ne6 35. Nxe6
Rexe6 36. f4 Ng4+ 37. Bxg4 fxg4 38. Ne4 Rf8 39. Ng3 Ref6 40. Kg2 cxb5 41. axb5
a6 42. Ne4 Re6 43. Ng5 Ref6 44. Ne4 Re6 45. Ng5 Qa8+ 46. e4 Ref6 47. Qd5 Qxd5
48. Rxd5 Rxf4 49. Bd4 axb5 50. cxb5 Bc8 51. Rc1 Bb7 52. Rc6 Re8 53. Rcxd6 Bxd5
54. Rxd5 Kg8 55. Kg3 Bxg5 56. Rxg5 Rexe4 57. Bxg7 Kf7 58. Bh8 Rf3+ 59. Kg2 Re2+
60. Kg1 Rb3 61. Rf5+ Kg8 62. h6 Rb1+ 63. Rf1 Rxf1+ 64. Kxf1 Re3 65. Bd4 Rb3 66.
b6 Kf7 67. Kf2 Kg6 68. Be3 g3+ 69. Kf3 g2 70. b7 Rxe3+ 0-1

[Event "TCh-FRA Top 16 Basse 2023"]
[Site "Chartres FRA"]
[Date "2023.06.09"]
[Round "2.1"]
[Board "1"]
[White "Lucas, Arthur"]
[Black "Piorun, Kacper"]
[Result "0-1"]
[WhiteTitle "IM"]
[BlackTitle "GM"]
[WhiteElo "2326"]
[BlackElo "2597"]
[WhiteTeam "Poitiers-Migne Echecs"]
[BlackTeam "Tremblay en France"]
[WhiteFideId "26093073"]
[BlackFideId "1130420"]
[EventDate "2023.06.08"]

1. e4 c5 2. Nf3 Nc6 3. Bb5 e6 4. Bxc6 bxc6 5. b3 Qc7 6. Bb2 Ne7 7. d3 d6 8. e5
dxe5 9. Nxe5 f6 10. Nc4 Ng6 11. h4 h5 12. Nbd2 e5 13. Ne4 Nf4 14. g3 Ne6 15. O-O
Be7 16. Qe2 Nd4 17. Bxd4 cxd4 18. f4 Bg4 19. Qd2 exf4 20. Qxf4 O-O-O 21. Qxc7+
Kxc7 22. Nf2 Bc8 23. a3 Rd5 24. Rae1 Bd8 25. Kg2 g5 26. hxg5 Rxg5 27. Ne4 Rg6
28. Ncd6 Be6 29. Nf5 h4 30. Nxd4 Bg4 31. Rh1 Bc8 32. Re3 f5 33. Nc5 Kd6 34. b4
f4 35. Rf3 fxg3 36. Ne4+ Ke5 37. Nxc6+ Rxc6 38. Rxg3 Rxc2+ 0-1

[Event "TCh-FRA Top 16 Basse 2023"]
[Site "Chartres FRA"]
[Date "2023.06.09"]
[Round "2.1"]
[Board "2"]
[White "Droin, Augustin"]
[Black "Picard, Romain"]
[Result "1-0"]
[WhiteTitle "IM"]
[BlackTitle "IM"]
[WhiteElo "2452"]
[BlackElo "2301"]
[WhiteTeam "Tremblay en France"]
[BlackTeam "Poitiers-Migne Echecs"]
[WhiteFideId "45105987"]
[BlackFideId "627216"]
[EventDate "2023.06.08"]

1. e4 e6 2. d4 d5 3. Nc3 Nf6 4. e5 Nfd7 5. Nce2 c5 6. c3 Nc6 7. f4 Be7 8. Nf3
O-O 9. a3 a5 10. Ng3 f6 11. Bd3 a4 12. h4 f5 13. h5 cxd4 14. cxd4 b5 15. Ne2 b4
16. Qc2 Na5 17. g4 Nb3 18. Rb1 Ba6 19. Bxa6 Rxa6 20. gxf5 Rxf5 21. Ng3 Rf8 22.
f5 bxa3 23. bxa3 Qa5+ 24. Kf2 Qb5 25. h6 Rc6 26. Qd1 Rfc8 27. Bf4 Rc2+ 28. Kg1
Bxa3 29. hxg7 Bc1 30. Ne1 Bxf4 31. Nxc2 Nxe5 32. Nh5 Bg5 33. Rh2 Nd3 34. Qg4 h6
35. fxe6 Qe8 36. Qf5 Rxc2 37. Qf7+ Qxf7 38. exf7+ Kxf7 39. Rf1+ 1-0

[Event "TCh-FRA Top 16 Basse 2023"]
[Site "Chartres FRA"]
[Date "2023.06.09"]
[Round "2.1"]
[Board "3"]
[White "Salles, Louis"]
[Black "Van Foreest, Lucas"]
[Result "0-1"]
[WhiteTitle "FM"]
[BlackTitle "GM"]
[WhiteElo "2295"]
[BlackElo "2547"]
[WhiteTeam "Poitiers-Migne Echecs"]
[BlackTeam "Tremblay en France"]
[WhiteFideId "20641826"]
[BlackFideId "1039792"]
[EventDate "2023.06.08"]

1. d4 d5 2. c4 e6 3. Nc3 Nf6 4. cxd5 exd5 5. Bg5 Be7 6. e3 c6 7. Qc2 O-O 8. Bd3
h6 9. Bh4 Ne8 10. Bg3 Nd6 11. Nge2 Re8 12. O-O Bf8 13. b4 Nd7 14. b5 Nb6 15. a4
Nbc4 16. bxc6 bxc6 17. e4 dxe4 18. Nxe4 Nxe4 19. Bxe4 Rxe4 20. Qxe4 Nd2 21. Qxc6
Bd7 22. Qc2 Nxf1 23. Kxf1 Qa5 24. Qd1 Rc8 25. d5 Rc5 26. d6 Rd5 27. Qe1 Qa6 28.
Kg1 Bxd6 29. Bxd6 Qxd6 30. Nc3 Rh5 31. h3 Bc6 32. Qd1 Qg6 33. Qg4 Rg5 34. Qc8+
Kh7 35. g4 Qf6 36. Rc1 0-1

[Event "TCh-FRA Top 16 Basse 2023"]
[Site "Chartres FRA"]
[Date "2023.06.09"]
[Round "2.1"]
[Board "4"]
[White "Abergel, Thal"]
[Black "Lambert, Romain"]
[Result "1-0"]
[WhiteTitle "GM"]
[WhiteElo "2373"]
[BlackElo "2201"]
[WhiteTeam "Tremblay en France"]
[BlackTeam "Poitiers-Migne Echecs"]
[WhiteFideId "614890"]
[BlackFideId "658111"]
[EventDate "2023.06.08"]

1. c4 e6 2. Nf3 Nf6 3. e3 d5 4. Nc3 Be7 5. d4 O-O 6. a3 b6 7. Ne5 Bb7 8. cxd5
Nxd5 9. Bd3 Nd7 10. Nf3 c5 11. O-O Rc8 12. Bd2 N7f6 13. Ne2 c4 14. Bc2 b5 15. e4
Nb6 16. Ng3 Qc7 17. Qe2 Na4 18. Bxa4 bxa4 19. Bc3 Qf4 20. Rfe1 Rfd8 21. Qc2 Qb8
22. Qxa4 Bc6 23. Qc2 Qa8 24. Rad1 Re8 25. Ne5 Bb7 26. f3 a5 27. Qa4 Bd8 28. Nxc4
Bc6 29. Qb3 a4 30. Qa2 Qb8 31. Ne5 Bb5 32. Qb1 Bb6 33. Kh1 h5 34. h4 Red8 35.
Ne2 Qa7 36. Nd3 Nxe4 37. fxe4 Qe7 38. g3 f5 39. exf5 Bc6+ 40. Kh2 Bc7 41. Nef4
Bf3 42. Rxe6 Qf7 43. Rf1 Qxf5 44. Rxf3 Bxf4 45. Re5 Bxg3+ 46. Rxg3 Qf6 47. Reg5 1-0

[Event "TCh-FRA Top 16 Basse 2023"]
[Site "Chartres FRA"]
[Date "2023.06.09"]
[Round "2.1"]
[Board "5"]
[White "Mariette, Lucas"]
[Black "Flom, Gabriel"]
[Result "1/2-1/2"]
[WhiteTitle "FM"]
[BlackTitle "GM"]
[WhiteElo "2284"]
[BlackElo "2442"]
[WhiteTeam "Poitiers-Migne Echecs"]
[BlackTeam "Tremblay en France"]
[WhiteFideId "26056526"]
[BlackFideId "621650"]
[EventDate "2023.06.08"]

1. e4 c5 2. Nf3 e6 3. d4 cxd4 4. Nxd4 a6 5. Bd3 Bc5 6. Nb3 Be7 7. Qg4 g6 8. Qe2
d6 9. O-O Nd7 10. a4 Ne5 11. a5 Bd7 12. Nc3 Nf6 13. Bh6 Nfg4 14. Bg7 Rg8 15.
Bxe5 Nxe5 16. f4 Nxd3 17. Qxd3 Qc7 18. Rf2 Bf6 19. Rd1 Bc6 20. Nd4 Bxd4 21. Qxd4
Qxa5 22. b4 Qc7 23. Qxd6 Qxd6 24. Rxd6 Ke7 25. Rfd2 Rgc8 26. e5 Be8 27. Ne4 Rc4
28. R6d4 Rxd4 29. Rxd4 a5 30. bxa5 Rxa5 31. Nd6 Bc6 32. Rc4 Rd5 33. h4 Rd2 34.
Kf1 Kd7 35. Nxf7 Bb5 36. Ke1 Rxg2 37. Rd4+ Ke7 38. c4 Ba6 39. Ng5 h6 40. Ne4 Rh2
41. Nf6 Rxh4 42. Rd7+ Kf8 43. Nh7+ 1/2-1/2

[Event "TCh-FRA Top 16 Basse 2023"]
[Site "Chartres FRA"]
[Date "2023.06.09"]
[Round "2.1"]
[Board "6"]
[White "Kuhn, Clement"]
[Black "Ladrat, Matthieu"]
[Result "1-0"]
[WhiteTitle "FM"]
[WhiteElo "2313"]
[BlackElo "2161"]
[WhiteTeam "Tremblay en France"]
[BlackTeam "Poitiers-Migne Echecs"]
[WhiteFideId "36099775"]
[BlackFideId "618640"]
[EventDate "2023.06.08"]

1. e4 e6 2. d4 d5 3. Nd2 Nf6 4. e5 Nfd7 5. Bd3 c5 6. c3 Nc6 7. Ne2 cxd4 8. cxd4
f6 9. exf6 Nxf6 10. O-O Bd6 11. Nf3 O-O 12. Bf4 Bxf4 13. Nxf4 Ne4 14. Qc1 Ng5
15. Nxg5 Qxg5 16. Bxh7+ Kxh7 17. Nxe6 Qf5 18. Nxf8+ Qxf8 19. Qg5 Qf5 20. Qxf5+
Bxf5 21. Rad1 Kg8 22. Rfe1 Rf8 23. f3 Bd7 24. Re3 Rf6 25. h4 Kf8 26. g4 Rf4 27.
Kf2 Rf7 28. Kg3 Rf6 29. b3 Rf7 30. Rd2 Rf6 31. Re1 Rf7 32. h5 Kg8 33. f4 Rf8 34.
f5 Kh7 35. Kf4 Kh6 36. b4 a6 37. a4 Nxb4 38. Re7 Bxa4 39. g5+ Kh7 40. h6 Re8 41.
g6+ Kh8 42. hxg7+ Kg8 43. Rxe8+ Bxe8 44. Kg5 Kxg7 45. f6+ Kg8 46. Re2 1-0

[Event "TCh-FRA Top 16 Basse 2023"]
[Site "Chartres FRA"]
[Date "2023.06.09"]
[Round "2.1"]
[Board "7"]
[White "Saada, Julien"]
[Black "Mekhane, Adam"]
[Result "1/2-1/2"]
[WhiteTitle "FM"]
[BlackTitle "FM"]
[WhiteElo "2245"]
[BlackElo "2254"]
[WhiteTeam "Poitiers-Migne Echecs"]
[BlackTeam "Tremblay en France"]
[WhiteFideId "625388"]
[BlackFideId "36050601"]
[EventDate "2023.06.08"]

1. d4 Nf6 2. Nf3 e6 3. e3 d5 4. Bd3 b6 5. O-O Bb7 6. b3 Bd6 7. Bb2 O-O 8. Nbd2
Nbd7 9. Ne5 Ne4 10. Nxe4 dxe4 11. Bb5 Nxe5 12. dxe5 1/2-1/2

[Event "TCh-FRA Top 16 Basse 2023"]
[Site "Chartres FRA"]
[Date "2023.06.09"]
[Round "2.1"]
[Board "8"]
[White "Aflalo, Sophie"]
[Black "Leriche, Ines"]
[Result "1-0"]
[WhiteElo "2120"]
[BlackElo "1917"]
[WhiteTeam "Tremblay en France"]
[BlackTeam "Poitiers-Migne Echecs"]
[WhiteFideId "656887"]
[BlackFideId "684090"]
[EventDate "2023.06.08"]

1. e4 c6 2. d4 d5 3. exd5 cxd5 4. c4 Nf6 5. Nc3 g6 6. Qb3 Bg7 7. cxd5 O-O 8. Be2
Na6 9. Bf4 Qb6 10. Qxb6 axb6 11. Kd2 Rd8 12. Bf3 Nb4 13. d6 e6 14. Nge2 Ne8 15.
Nb5 Ra5 16. a4 Nc6 17. Rhc1 e5 18. b4 Ra8 19. Bg5 f6 20. Nc7 Nxc7 21. dxc7 Rd6
22. Bxc6 bxc6 23. Be3 f5 24. g3 Bb7 25. a5 b5 26. Kc3 e4 27. h4 Rc8 28. a6 Ba8
29. Kb3 Rd7 30. Bf4 Bf8 31. Be5 Bd6 32. Rc5 Rcxc7 33. Bxd6 Rxd6 34. Kc3 Kf7 35.
Nc1 Ke7 36. Nb3 Kd8 37. h5 Ra7 38. Re5 Rf7 39. hxg6 Rxg6 40. Rh1 Rd6 41. Nc5
Rdf6 42. Rh5 f4 43. gxf4 Rxf4 44. Ne6+ Kd7 45. Nxf4 Rxf4 46. Rxh7+ Kd6 47. Re8 1-0